What a home! : (Record no. 9257)

MARC details
000 -LEADER
fixed length control field 00979nam a22002777a 4500
001 - CONTROL NUMBER
control field 9257
003 - CONTROL NUMBER IDENTIFIER
control field FISKH
005 - DATE AND TIME OF LATEST TRANSACTION
control field 20251205132001.0
008 - FIXED-LENGTH DATA ELEMENTS--GENERAL INFORMATION
fixed length control field 251205b cb ||||| |||| 00| 0 eng d
020 ## - INTERNATIONAL STANDARD BOOK NUMBER
International Standard Book Number 9781420703269
040 ## - CATALOGING SOURCE
Original cataloging agency FISKH
Language of cataloging eng
Transcribing agency FISKH
Modifying agency FISKH
050 ## - LIBRARY OF CONGRESS CALL NUMBER
Classification number PZ7
082 ## - DEWEY DECIMAL CLASSIFICATION NUMBER
Classification number 728
100 ## - MAIN ENTRY--PERSONAL NAME
Personal name Burke, Melissa Blackwell
Relator term Author
245 ## - TITLE STATEMENT
Title What a home! :
Remainder of title The real deal /
Statement of responsibility, etc. Melissa Blackwell Burke and Chris Jaeggi
260 ## - PUBLICATION, DISTRIBUTION, ETC.
Place of publication, distribution, etc. Northborough :
Name of publisher, distributor, etc. Sundance Publishing ,
Date of publication, distribution, etc. 2006
300 ## - PHYSICAL DESCRIPTION
Extent 32 pages :
Other physical details color illustrations ;
Dimensions 21 cm
505 ## - FORMATTED CONTENTS NOTE
Formatted contents note N<br/>
520 ## - SUMMARY, ETC.
Summary, etc. What's the real deal? Home is where the heart is, even of that home is shaped like a flying saucer! Check out some other strangely shaped homes, homes built for extreme climates, and moveable homes, too.
521 8# - TARGET AUDIENCE NOTE
Target audience note 610<br/>
Source Lexile<br/>
521 8# - TARGET AUDIENCE NOTE
Target audience note N<br/>
Source Raz-Plus<br/>
650 ## - SUBJECT ADDED ENTRY--TOPICAL TERM
Topical term or geographic name entry element Scultptured house
Form subdivision Non-fiction
700 ## - ADDED ENTRY--PERSONAL NAME
Personal name Rechin, Kevin
Relator term Illustrator
942 ## - ADDED ENTRY ELEMENTS (KOHA)
Source of classification or shelving scheme Dewey Decimal Classification
Koha item type Books
Suppress in OPAC No
Holdings
Withdrawn status Lost status Source of classification or shelving scheme Damaged status Not for loan Collection Home library Current library Shelving location Date acquired Total Checkouts Full call number Barcode Date last seen Copy number Price effective from Koha item type
    Dewey Decimal Classification     Non-Fiction Footprints International School Library Network Toul Tom Poung Campus Footprints International School Library Network Toul Tom Poung Campus TTP Primary Yellow Bookshelves 12/05/2025   BUR 728 PZ7 FIS01230 12/05/2025 1 12/05/2025 Books